| 000 | 00901cam a22002773a 4500 | ||
|---|---|---|---|
| 001 | 19011 | ||
| 003 | PGUSA | ||
| 005 | 20140828083414.0 | ||
| 008 | 060808s2006||||xxu|||||s|||||000 | eng d | ||
| 040 |
_aPGUSA _beng |
||
| 042 | _adc | ||
| 050 | 4 | _aPR | |
| 100 | 1 |
_aShorter, Clement King, _d1857-1926 |
|
| 245 | 1 | 0 |
_aCharlotte Brontë and Her Circle _h[electronic resource] / _cClement King Shorter |
| 260 |
_bProject Gutenberg, _c2006 |
||
| 506 | _aPublic domain in the USA. | ||
| 516 | _aElectronic text | ||
| 653 | _aBrontë, Charlotte, 1816-1855 -- Friends and associates | ||
| 653 | _aWomen and literature -- England -- History -- 19th century | ||
| 653 | _aAuthors, English -- 19th century -- Biography | ||
| 653 | _aBrontë family | ||
| 653 | _aBrontë, Charlotte, 1816-1855 | ||
| 830 | 0 |
_aProject Gutenberg _v19011 |
|
| 856 | 4 | 0 | _uhttp://www.gutenberg.org/ebooks/19011 |
| 942 | _cEB | ||
| 999 |
_c248266 _d248266 |
||